[Event "Challenge"]
[Site "http://www.queenalice.com/game.php?id=1800732"]
[Date "2022.11.26"]
[Round "-"]
[White "ron_h_roy2003"]
[Black "denaultj"]
[Result "0-1"]
[WhiteElo "1566"]
[BlackElo "1789"]

1. d4 d5 2. Nc3 c6 3. e4 e5 4. f3 b5 5. a3 a5 6. exd5 Qh4+ 7. g3 Qxd4 8. Nge2
Qb6 9. d6 Nd7 10. f4 Ngf6 11. Bg2 Ng4 12. Ne4 Ndf6 13. Rg1 Nxe4 14. Bxe4 Qf2+
15. Kd2 Qe3+ 16. Ke1 Qxe4 17. Bd2 Bxd6 18. c3 Nxh2 19. Kf2 Bc5+ 20. Be3 Qxe3+
21. Kg2 Ng4 22. Kh1 Nf2+ 0-1

[Event "Challenge"]
[Site "http://www.queenalice.com/game.php?id=1801583"]
[Date "2022.12.9"]
[Round "-"]
[White "LordMikaeus"]
[Black "ron_h_roy2003"]
[Result "0-1"]
[WhiteElo "1317"]
[BlackElo "1589"]

1. e4 e5 2. Nc3 Nc6 3. Bc4 Nh6 4. Nh3 f6 5. O-O a6 6. b3 d5 7. exd5 Ne7 8. Qf3
Bg4 9. Qg3 Ng6 10. d3 Bd6 11. Bxh6 e4 12. Qe3 gxh6 13. Qxe4+ Ne5 14. f3 f5 15.
Qd4 Qf6 16. Rae1 Bxh3 17. gxh3 Kd7 18. f4 Nf3+ 19. Rxf3 Qxd4+ 20. Kg2 Qxc3 21.
Rc1 Rae8 22. a4 Rhg8+ 0-1

[Event "Challenge"]
[Site "http://www.queenalice.com/game.php?id=1802257"]
[Date "2022.12.19"]
[Round "-"]
[White "ron_h_roy2003"]
[Black "denaultj"]
[Result "0-1"]
[WhiteElo "1586"]
[BlackElo "1795"]

1. d4 d5 2. Nc3 c6 3. e3 Nf6 4. Bd3 b5 5. Nf3 e6 6. O-O Bd6 7. a3 h6 8. b4 Na6
9. h3 O-O 10. Bb2 Bb7 11. Qe2 Nh5 12. Nh2 g6 13. Ng4 Qe7 14. Nxh6+ Kg7 15. Ng4
Qg5 16. Bc1 f5 17. e4 Nf4 18. Qf3 fxg4 19. Qxg4 Qxg4 20. hxg4 e5 21. exd5 cxd5
22. dxe5 Bxe5 23. Bb2 d4 24. Ne2 Nxg2 25. f3 Nh4 26. Nxd4 Nxf3+ 27. Kg2 Bxd4 28.
Bxd4+ Nxd4+ 29. Kg3 Rae8 30. g5 Rf3+ 31. Rxf3 Nxf3 32. Bxb5 Re5 33. Bd3 Nxg5 34.
Rb1 Ne4+ 35. Kf4 Rf5+ 36. Kg4 Nf2+ 37. Kh4 Nxd3 38. cxd3 Nc7 39. Re1 Kf7 40. Rc1
Nd5 41. b5 Rf4+ 42. Kg5 Rf5+ 43. Kg4 Kf6 44. Re1 Bc8 45. Kg3 Bd7 46. a4 Nc3 47.
d4 Nxa4 48. Rh1 Nb6 49. Rh8 Bxb5 50. Ra8 a6 51. Kg4 Nd7 52. Rd8 Be2+ 53. Kg3 Rd5
54. Re8 Bd3 55. Re3 Rxd4 0-1

[Event "Challenge"]
[Site "http://www.queenalice.com/game.php?id=1803180"]
[Date "2023.1.2"]
[Round "-"]
[White "ron_h_roy2003"]
[Black "LordMikaeus"]
[Result "1-0"]
[WhiteElo "1578"]
[BlackElo "1310"]

1. e4 e6 2. Nc3 d5 3. d4 dxe4 4. Nxe4 Nf6 5. Bd3 Qxd4 6. Bb5+ c6 7. Qxd4 cxb5 8.
Nf3 Nc6 9. Nxf6+ gxf6 10. Qxf6 Nb4 11. Qc3 Rg8 12. O-O Nd5 13. Qd4 Bd7 14. h3 b6
15. a3 Bc5 16. Qe4 O-O-O 17. Qxh7 b4 18. a4 a5 19. Qe4 b5 20. Ne5 f5 21. Qe2
bxa4 22. Qa6+ Kb8 23. Nxd7+ Rxd7 24. Qb5+ 1-0

[Event "Challenge"]
[Site "http://www.queenalice.com/game.php?id=1804515"]
[Date "2023.1.22"]
[Round "-"]
[White "Mikalus"]
[Black "ron_h_roy2003"]
[Result "1-0"]
[WhiteElo "1880"]
[BlackElo "1583"]

1. e4 e5 2. Nf3 Nf6 3. Nc3 c6 4. d4 Bb4 5. Bd3 d6 6. Bd2 Bxc3 7. Bxc3 O-O 8.
dxe5 dxe5 9. O-O h6 10. Bxe5 Nbd7 11. Bc3 Qc7 12. h3 b5 13. e5 Nd5 14. Qd2 f6
15. Rfe1 fxe5 16. Nxe5 a5 17. Ng6 Rf7 18. Ne5 Rf8 19. Nxd7 Qxd7 20. Be5 Qf7 21.
Bd6 Re8 22. Rxe8+ Qxe8 23. Re1 Qd7 24. Bc5 Qf7 25. b3 Bd7 26. c4 Nb4 27. Be4 Kh8
28. Bf3 Na6 29. Bb6 b4 30. Bxa5 Rc8 31. Bxb4 Bf5 32. Qc3 Qg6 33. Bg4 h5 34. Bxf5
Qxf5 35. Re7 Qb1+ 36. Kh2 Rg8 37. Bd6 Qf5 38. Be5 Qg6 39. b4 Qg5 40. g3 c5 41.
Bd6 Qf6 42. Qxf6 gxf6 43. b5 Rd8 44. Bf4 Nb4 45. a3 Nd3 46. Be3 Kg8 47. Kg2 Ne1+
48. Kf1 Nf3 49. Bxc5 Rd1+ 50. Kg2 Ng5 51. Bb4 Nf7 52. c5 Rc1 53. b6 Nd8 54. Re8+
1-0

[Event "Challenge"]
[Site "http://www.queenalice.com/game.php?id=1808124"]
[Date "2023.3.18"]
[Round "-"]
[White "LordMikaeus"]
[Black "ron_h_roy2003"]
[Result "0-1"]
[WhiteElo "1290"]
[BlackElo "1572"]

1. e4 e5 2. d4 Nf6 3. f3 d6 4. dxe5 dxe5 5. Qxd8+ Kxd8 6. Bg5 Bb4+ 7. c3 Be7 8.
Nh3 Bxh3 9. gxh3 Nc6 10. Nd2 Kd7 11. Bxf6 Bxf6 12. O-O-O a6 13. a3 Rad8 14. Nc4+
Kc8 15. Be2 Bg5+ 16. Kb1 h5 17. Rhg1 Bf6 18. b4 b5 19. Ne3 a5 20. Bxb5 Kb7 21.
bxa5 Nxa5 22. Nd5 Rd6 23. a4 Rb8 24. Nxf6 Rxf6 25. Be2 Kc8+ 26. Kc2 Rfb6 27.
Rxg7 Kb7 28. Rxf7 Ka8 29. Rxc7 Rb2+ 30. Kd3 Rd8+ 31. Ke3 Rdb8 32. f4 exf4+ 33.
Kd3 h4 34. Rf1 Rd8+ 0-1

[Event "Challenge"]
[Site "http://www.queenalice.com/game.php?id=1810794"]
[Date "2023.4.28"]
[Round "-"]
[White "ron_h_roy2003"]
[Black "Mikalus"]
[Result "0-1"]
[WhiteElo "1571"]
[BlackElo "1901"]

1. e4 c5 2. Nf3 Nc6 3. d4 cxd4 4. Nxd4 e5 5. Nf3 Nf6 6. Nc3 Bb4 7. a3 Bxc3+ 8.
bxc3 Nxe4 9. Be3 Nxc3 10. Qd2 Ne4 11. Qd5 Nf6 12. Bg5 O-O 13. Bd3 d6 14. O-O
Nxd5 15. Bxd8 Rxd8 16. Ng5 Nf6 17. h3 h6 18. Nf3 e4 19. Bxe4 Nxe4 20. Rfe1 d5
21. Rac1 Be6 22. c4 Na5 23. c5 Rac8 24. c6 Rxc6 25. Rb1 Rd7 26. Kh2 Nxf2 27.
Rxe6 Rxe6 28. Kg3 Ne4+ 29. Kh2 b6 30. Nd4 Rg6 31. Rc1 Nc4 32. Nc6 a5 33. Ne5
Nxe5 34. Rc8+ Kh7 35. Re8 Nc4 36. a4 Nb2 0-1

[Event "Challenge"]
[Site "http://www.queenalice.com/game.php?id=1810795"]
[Date "2023.4.28"]
[Round "-"]
[White "Mikalus"]
[Black "ron_h_roy2003"]
[Result "1-0"]
[WhiteElo "1867"]
[BlackElo "1560"]

1. e4 e5 2. Nf3 d6 3. Nc3 a6 4. d4 exd4 5. Nxd4 g6 6. Qf3 Nf6 7. Bg5 Bg7 8. Bd3
Nc6 9. Nxc6 bxc6 10. O-O O-O 11. Rad1 Bg4 12. Qf4 Bxd1 13. Rxd1 h6 14. Bxf6 Bxf6
15. h3 Bg5 16. Qg4 Qe7 17. f4 Bf6 18. Re1 Rab8 19. Na4 Bg7 20. f5 h5 21. Qg3 Ra8
22. b3 Bd4+ 23. Kh1 Be5 24. Qf3 Qf6 25. Rf1 g5 26. Qxh5 Qh8 27. Qxg5+ Qg7 28.
Qd2 Qg3 29. Kg1 Qh2+ 30. Kf2 Qg3+ 31. Kg1 Bd4+ 32. Kh1 Be5 33. Kg1 Qh2+ 34. Kf2
Bd4+ 35. Ke2 Qxg2+ 36. Kd1 Qxd2+ 37. Kxd2 Kg7 38. c3 Bf6 39. Nb2 Rh8 40. Rh1 d5
41. Kc2 d4 42. Nd1 dxc3 43. Nxc3 Bd4 44. h4 a5 45. Rh2 Bxc3 46. Kxc3 Kf6 47. a4
Rab8 48. Kc4 Rb4+ 49. Kc3 Rhb8 50. Bc4 Ke5 51. Kd3 Rd8+ 52. Ke3 Rd1 53. h5 Re1+
54. Kf3 Rxe4 55. h6 Rb8 56. h7 Rf4+ 57. Ke3 Rh8 58. Bxf7 Kxf5 59. Bg8 Rg4 60.
Rc2 Rgxg8 61. hxg8=Q Rxg8 62. Rc5+ Ke6 63. Kd2 Kd6 64. Rxa5 Rb8 65. Kc3 c5 66.
Kc4 Rb4+ 67. Kc3 Kd5 68. Ra8 Kc6 69. Re8 Kd5 70. Rd8+ Kc6 71. Ra8 Kd5 72. Ra5 c6
73. Ra6 c4 74. Kxb4 c5+ 75. Kc3 1-0

[Event "Challenge"]
[Site "http://www.queenalice.com/game.php?id=1815568"]
[Date "2023.7.4"]
[Round "-"]
[White "ron_h_roy2003"]
[Black "Mikalus"]
[Result "0-1"]
[WhiteElo "1556"]
[BlackElo "1871"]

1. d4 d5 2. Nf3 Nc6 3. Nc3 Nf6 4. h3 e6 5. e3 Bb4 6. Bb5 Bd7 7. Bd2 O-O 8. O-O
a6 9. Bd3 b5 10. a3 Bd6 11. b4 e5 12. dxe5 Nxe5 13. e4 dxe4 14. Nxe4 Nxd3 15.
cxd3 Qe7 16. Bg5 Bf5 17. Qe2 Rfe8 18. Qc2 Bxe4 19. dxe4 Qxe4 20. Qxe4 Rxe4 21.
g3 Be5 22. Bxf6 Bxf6 23. Rac1 Bb2 24. Rxc7 Bxa3 25. Ng5 Rxb4 26. Nxf7 Rb2 27.
Rd1 Rf8 28. Rdd7 Rb1+ 29. Kg2 Rb2 30. Nh6+ Kh8 31. h4 Rbxf2+ 32. Kh3 Bb2 33.
Nf7+ Kg8 34. Ng5 h6 35. Rxg7+ Bxg7 36. Kg4 hxg5 37. h5 Bh6 38. Rc6 Kg7 39. Rg6+
Kh7 40. Rxa6 Rb8 41. Ra7+ Kg8 42. Ra6 Kg7 43. Rg6+ Kh7 44. Re6 b4 0-1

[Event "Challenge"]
[Site "http://www.queenalice.com/game.php?id=1821328"]
[Date "2023.9.21"]
[Round "-"]
[White "Canaye14"]
[Black "ron_h_roy2003"]
[Result "0-1"]
[WhiteElo "1893"]
[BlackElo "1553"]

1. d4 d5 2. c4 Nf6 3. Nc3 c6 4. cxd5 cxd5 5. h3 h6 6. Bf4 Qb6 7. Rb1 Bf5 8. e4
dxe4 9. Bc4 e3 10. Bxe3 Bxb1 11. Qxb1 Qc6 12. Qd3 Qxg2 13. Nb5 Na6 14. Qb3 e6
15. Bxe6 Bb4+ 16. Nc3 O-O 17. Ke2 Qxh1 18. Nf3 Qg2 19. Bc4 Bd6 20. Qxb7 Nb4 21.
Qb5 Nc2 22. Nd2 Nxe3 23. Bb3 Bg3 24. Kxe3 Qxf2+ 25. Kd3 Rad8 26. Ne2 Rc8 27. Nc4
Rfe8 28. Nxg3 Qxg3+ 29. Kc2 Re2+ 30. Kb1 Qg1+ 0-1

[Event "Challenge"]
[Site "http://www.queenalice.com/game.php?id=1821329"]
[Date "2023.9.21"]
[Round "-"]
[White "ron_h_roy2003"]
[Black "Canaye14"]
[Result "0-1"]
[WhiteElo "1587"]
[BlackElo "1701"]

1. e4 e6 2. d4 d5 3. e5 c5 4. c4 Nc6 5. Nf3 cxd4 6. Nxd4 Nxe5 7. cxd5 exd5 8.
Bb5+ Bd7 9. Qb3 Nf6 10. Bg5 Bxb5 11. Nxb5 Be7 12. O-O O-O 13. Bf4 Nc4 14. N1a3
Nxa3 15. bxa3 a6 16. Nd4 Qd7 17. h3 Rac8 18. a4 h6 19. Qd3 Ne4 20. Nb3 Rfd8 21.
f3 Nc5 22. Qd4 Ne6 23. Qe5 d4 24. g4 Nxf4 25. Qxf4 d3 26. Nd2 Rc2 27. Qe3 Bg5
28. f4 Bh4 29. Kh2 Qd6 30. Rab1 Bf6 31. Kg3 Re8 32. Ne4 Qc6 33. Nxf6+ gxf6 34.
Qxd3 Qg2+ 35. Kh4 Rec8 36. Rbd1 R8c3 37. Qd8+ Kg7 38. Rh1 Qg3+ 39. Kh5 Qxf4 40.
Rd5 Rc5 41. Rd1 Qf3 42. Rd3 Rxd5+ 43. Qxd5 Qxd5+ 44. Rxd5 Rxa2 45. h4 Rxa4 46.
g5 hxg5 47. hxg5 fxg5 48. Kxg5 b6 49. Rd3 b5 50. Rg3 a5 51. Kf5+ Kf8 52. Kf6
Rf4+ 53. Ke5 Rf1 54. Kd6 b4 55. Kd7 a4 56. Rh3 Rd1+ 57. Kc6 f5 58. Rf3 b3 59.
Kb5 Rd4 60. Rxf5+ Ke7 61. Kc5 Rd1 62. Re5+ Kf6 63. Re4 a3 0-1